[Event "Titled Tuesday intern op 06th Feb Early"]
[Site "Chess.com INT"]
[Date "2024.02.06"]
[Round "8"]
[White "Khamdamova, Afruza"]
[Black "Cubas, Jose Fernando"]
[Result "1-0"]
[WhiteElo "2327"]
[BlackElo "2427"]
[PlyCount "39"]
[EventDate "2024.02.06"]
[EventType "swiss (blitz)"]
[EventRounds "11"]
[EventCountry "USA"]
[SourceTitle "CBM 218 Extra"]
[Source "ChessBase"]
[SourceDate "2024.03.31"]
[SourceVersion "1"]
[SourceVersionDate "2024.03.31"]
[SourceQuality "1"]

1. e4 e6 2. d4 d5 3. Nd2 dxe4 4. Nxe4 Nf6 5. Nxf6+ gxf6 6. Nf3 Nc6 7. c3 a6 8. Bd3 f5 9. 0-0 Rg8 10. Kh1 b5 11. a4 Bb7 12. axb5 axb5 13. Rxa8 Qxa8 14. Bxb5 Kd8 15. d5 exd5 16. Qxd5+ Bd6 17. Qxf7 Ne7 18. Bg5 Bd5 19. Bxe7+ Bxe7 20. Rd1 1-0

[Event "Titled Tuesday intern op 06th Feb Early"]
[Site "Chess.com INT"]
[Date "2024.02.06"]
[Round "11"]
[White "Kuchava, Ana"]
[Black "Cubas, Jose Fernando"]
[Result "0-1"]
[WhiteElo "2101"]
[BlackElo "2427"]
[PlyCount "42"]
[EventDate "2024.02.06"]
[EventType "swiss (blitz)"]
[EventRounds "11"]
[EventCountry "USA"]
[SourceTitle "CBM 218 Extra"]
[Source "ChessBase"]
[SourceDate "2024.03.31"]
[SourceVersion "1"]
[SourceVersionDate "2024.03.31"]
[SourceQuality "1"]

1. d4 e5 2. dxe5 d6 3. exd6 Bxd6 4. e3 Nf6 5. Nf3 Nc6 6. Be2 Bg4 7. 0-0 Qe7 8. Nc3 0-0-0 9. Qe1 h5 10. a3 Ne5 11. Nxe5 Qxe5 12. f4 Qe7 13. b4 h4 14. Bb2 Qxe3+ 15. Qf2 Bxf4 16. Bxg4+ Nxg4 17. Qxe3 Bxe3+ 18. Kh1 Nf2+ 19. Kg1 Nd3+ 20. Kh1 Nxb2 21. Rae1 Bd2 0-1

[Event "Titled Tuesday intern op 30th Jan Late"]
[Site "Chess.com INT"]
[Date "2024.01.30"]
[Round "1"]
[White "Cubas, Jose Fernando"]
[Black "Novikova, Galina"]
[Result "1-0"]
[WhiteElo "2427"]
[BlackElo "2073"]
[PlyCount "85"]
[EventDate "2024.01.30"]
[EventType "swiss (blitz)"]
[EventRounds "11"]
[EventCountry "USA"]
[SourceTitle "EXT 2025"]
[Source "ChessBase"]
[SourceDate "2024.10.14"]
[SourceVersion "1"]
[SourceVersionDate "2024.10.14"]
[SourceQuality "1"]

1. e4 e6 2. d4 d5 3. Nc3 Bb4 4. Nge2 Nc6 5. a3 Ba5 6. b4 Bb6 7. exd5 exd5 8. Be3 Nf6 9. Nf4 0-0 10. Be2 a5 11. b5 Ne7 12. Bf3 c6 13. 0-0 Bc7 14. bxc6 bxc6 15. Nd3 Ng6 16. g3 Re8 17. Re1 Bh3 18. Bg5 Rxe1+ 19. Qxe1 h6 20. Be3 Bd6 21. Qd2 Qd7 22. Na4 Rb8 23. Nac5 Qf5 24. Qe2 Bg4 25. Bxg4 Nxg4 26. Kg2 Re8 27. Re1 h5 28. h3 Nxe3+ 29. fxe3 h4 30. g4 Qf6 31. Qf3 Qe7 32. e4 dxe4 33. Rxe4 Qd8 34. Nb7 Qd7 35. Rxe8+ Qxe8 36. Nxd6 Qe7 37. Nf5 Qxa3 38. Qxc6 Qa2 39. d5 a4 40. d6 a3 41. d7 Qb1 42. d8Q+ Kh7 43. Qca8 1-0

[Event "Titled Tuesday intern op 30th Jan Late"]
[Site "Chess.com INT"]
[Date "2024.01.30"]
[Round "5"]
[White "Cubas, Jose Fernando"]
[Black "Sroczynski, Maciej"]
[Result "1-0"]
[WhiteElo "2427"]
[BlackElo "2266"]
[PlyCount "65"]
[EventDate "2024.01.30"]
[EventType "swiss (blitz)"]
[EventRounds "11"]
[EventCountry "USA"]
[SourceTitle "EXT 2025"]
[Source "ChessBase"]
[SourceDate "2024.10.14"]
[SourceVersion "1"]
[SourceVersionDate "2024.10.14"]
[SourceQuality "1"]

1. Nc3 d5 2. d4 Nf6 3. Bf4 a6 4. e3 c5 5. dxc5 Nc6 6. a3 e5 7. Bg5 d4 8. Ne4 Be7 9. Bxf6 Bxf6 10. Nd6+ Kf8 11. Bc4 Be6 12. Bxe6 fxe6 13. Qh5 Qe7 14. Ne2 b6 15. b4 bxc5 16. bxc5 g6 17. Qf3 e4 18. Nxe4 Kg7 19. Nxf6 Qxf6 20. Qxc6 dxe3 21. 0-0 Rac8 22. Qd7+ Kh6 23. fxe3 Qe5 24. Rae1 Qxe3+ 25. Kh1 Rhf8 26. Ng3 Qxc5 27. Qxe6 Rce8 28. Qh3+ Kg7 29. Rxe8 Rxe8 30. Qd7+ Re7 31. Qd8 Rc7 32. Ne4 Qe5 33. Qf8# 1-0

[Event "Titled Tuesday intern op 30th Jan Late"]
[Site "Chess.com INT"]
[Date "2024.01.30"]
[Round "11"]
[White "Lopusiewicz, Piotr"]
[Black "Cubas, Jose Fernando"]
[Result "0-1"]
[WhiteElo "2301"]
[BlackElo "2427"]
[PlyCount "66"]
[EventDate "2024.01.30"]
[EventType "swiss (blitz)"]
[EventRounds "11"]
[EventCountry "USA"]
[SourceTitle "EXT 2025"]
[Source "ChessBase"]
[SourceDate "2024.10.14"]
[SourceVersion "1"]
[SourceVersionDate "2024.10.14"]
[SourceQuality "1"]

1. d4 Nf6 2. c4 g6 3. Nc3 Bg7 4. e4 0-0 5. Nf3 d6 6. Be2 e5 7. 0-0 Nc6 8. d5 Ne7 9. b4 Nh5 10. Re1 a5 11. bxa5 Rxa5 12. a4 b6 13. Bd2 Ra8 14. g3 Bd7 15. a5 Rxa5 16. Rxa5 bxa5 17. c5 dxc5 18. Na4 Qe8 19. Nxc5 a4 20. Qc2 f5 21. Ng5 f4 22. Nge6 Bxe6 23. Nxe6 Rf7 24. Nxc7 Qd7 25. Bb5 Qh3 26. d6 fxg3 27. fxg3 Rf2 28. Qc4+ Kh8 29. Kxf2 Qxh2+ 30. Ke3 Bh6+ 31. Kf3 Qxg3+ 32. Ke2 Qg2+ 33. Kd1 Qxd2# 0-1